Sports Quiz

Random Sports or Olympics Quiz
Score 0/18 Timer 06:00
3 Plays Today
% Correct
very offensive
94.2%
bend over backwards for her
94.2%
he has a good pitch
93.3%
that's just a ballpark number
92.7%
driving a wedge between us
92.3%
just couldn't get a grip
91.7%
resistance training
91.5%
it's common practice to tip a good server
91.2%
his injuries were more than he tobagganed for
90.8%
% Correct
I'd compete in it later
90.3%
he has a very checkered past
90.1%
to add zest to the game
89.8%
generous to a fault
89.5%
the first out of his gait
89.4%
It's kind of a sore subject
88.3%
he had a problem with his hamstring
87.7%
It's a cinch
86.4%
I can't come on Tuesdays
73.1%
Remove Ads.
Support Sporcle.
Get the best of Sporcle when you Go Orange. This ad-free experience offers more features, more stats, and more fun while also helping to support Sporcle. Thank you for becoming a member.

You're not logged in!

Compare scores with friends on all Sporcle quizzes.
OR
Log In

Show Comments

Extras

Top Quizzes Today


Score Distribution

Your Account Isn't Verified!

In order to create a playlist on Sporcle, you need to verify the email address you used during registration. Go to your Sporcle Settings to finish the process.

Report this User

Report this user for behavior that violates our Community Guidelines.

Details: